000 00378nam a2200145Ia 4500
008 220217s9999||||xx |||||||||||||| ||und||
020 _a81-203-0844-1
082 _a541 KYL
100 _aKyle, B.G
_92904
245 0 _aChemical and process thermodynamics
250 _a2nd
260 _aPrentice hall of india
_bNew Delhi
_c2000
300 _b175
650 _aCHEMISTRY
999 _c170230
_d170230